| 000 | 00963nam a22002177a 4500 | ||
|---|---|---|---|
| 999 |
_c19088 _d19088 |
||
| 003 | AR-CdUCM | ||
| 008 | 190516b ||||| |||| 00| 0 spa d | ||
| 040 |
_aMUNICIPALIDAD PROVINCIAL DEL CUSCO _cBIBLIOTECA MUNICIPAL DEL CUSCO |
||
| 082 |
_a323.354 / _bR77 |
||
| 110 |
_aaller Regional Nor-Andino de Tecnologías Campesinas _940205 |
||
| 245 |
_aRondas campesinas y tecnología andina : _bTaller Regional Nor-Andino de Tecnologías Campesinas / |
||
| 260 |
_aLima : _bProyecto Andino de Tecnologías Campesinas, _c1988. |
||
| 300 |
_a86 paginas ; _c20 cm. |
||
| 505 | _aContenido :Características de taller --La socializacion de tecnología --La agricultura de antes --La reproducción social del conocimiento campesino ... | ||
| 650 |
_aCampesinos _94401 |
||
| 650 |
_aTecnología agrícola _922349 |
||
| 650 |
_aPerú _935 |
||
| 710 |
_aFederación Provincial de Rondas Campesinas de Cajamarca _940206 |
||
| 942 |
_2ddc _cLIBROS |
||
| 945 |
_arjall _d2019-05-16 |
||